000 00949nam a2200241Ia 4500
003 OSt
005 20200804135949.0
008 191128s1985 ck gr 000 0 spa d
020 _a9586040704
040 _aCO-JMCR
_cCO-JMCR
041 0 _aspa
082 0 4 _a364.168 /
_bB275d
_223
100 1 _aBernal Cuéllar, Jaime,
_eautor
_98347
245 1 0 _aDelitos financieros /
_cJaime Bernal Cuéllar, Carlos F. Osorio Bustos
260 _aBogotá :
_bTemis,
_c1985.
300 _a108 páginas ;
_c17 cm.
490 0 _aMonografías Jurídicas ;
_v41.
505 0 _aEl orden economíco social -- Ubicación de las instituciones financieras en la economía Colombiana -- Entidades pertenecientes al sector financiero -- Criterios antagónicos para la determinación de las "entidades financieras"
650 1 4 _aDelitos financieros
_98348
650 2 4 _a Sector financiero
_94643
700 1 _aOsorio Bustos, Carlos F.,
_eautor
_98349
942 _2ddc
_cBK
999 _c5969
_d5969